La cocina del indio americano /

Repertorio de sencillas recetas de cocina de las diferentes tribus de los indios pieles rojas. Las virtudes de los diversos ingredientes, las leyendas sobre el origen de la caza y la pesca, las fiestas y el paso de las estaciones del año, la evolución de la naturaleza y la forma de obtener de esta l...

Descripció completa

Guardat en:
Dades bibliogràfiques
Autor principal: Gaussen, Aglae (autor)
Format: Llibre
Idioma:espanyol
Publicat: Palma de Mallorca, España : José J. de Olañeta, 1982, c1982
Col·lecció:(El Cuerno de la Abundancia. Serie Mayor ; 14)
Matèries:
Etiquetes: Afegir etiqueta
Sense etiquetes, Sigues el primer a etiquetar aquest registre!

MARC

LEADER 00000nam^a2200000^a^4500
001 000109713
005 20250521000000.0
009 20260310093732.968
020 |a 84-85354-89-2 
037 |a Acervo ITESO - Biblioteca 
041 |a ESP 
082 |a 641. 5097  |b GAU 
100 |a Gaussen, Aglae  |e (autor) 
245 1 3 |a La cocina del indio americano /  |c A. Gaussen ; tr. por María C. Planas. 
264 4 |a Palma de Mallorca, España :  |b José J. de Olañeta,  |c 1982, c1982 
300 |a 60 p. 
336 |a texto  |b txt  |2 rdacontenido 
337 |a sin mediación  |b n  |2 rdamedio 
338 |a volumen  |b nc  |2 rdasoporte 
440 3 |a (El Cuerno de la Abundancia.  |p Serie Mayor ;  |v 14) 
520 |a Repertorio de sencillas recetas de cocina de las diferentes tribus de los indios pieles rojas. Las virtudes de los diversos ingredientes, las leyendas sobre el origen de la caza y la pesca, las fiestas y el paso de las estaciones del año, la evolución de la naturaleza y la forma de obtener de esta las riquezas necesarias para la vida, son algunos de los temas abordados en el libro. 
649 |a XX 
650 |a Indígenas de América del Norte -  |z EUA -  |x Condiciones Sociales y Culturales 
650 |a Cocina Norteamericana -  |x Recetarios 
650 |a Gastronomía 
650 |a Alimentos y Bebidas 
650 |a Prácticas Culturales 
910 |a Fondo General 
920 |a Impresos - Libros 
930 |a Colección General 
905 |a 101 
901 |a 0500046460  |b IT1  |c ACC  |u 20250521 
902 |a https://opac.biblio.iteso.mx/vufind/Record/000109713